zpět

Detail výsledku týmu

AktOFFka, Buštěhrad

Datum a čas kvízu

32.5 Celkem bodů Celkový počet nahraných bodů na tomto kvízu bez doplňovacích otázek.
3. Pořadí na kvízu Konečné umístění týmu na tomto kvízu.

Zaznamenané odpovědi

# Otázka Odpověď Body Výsledky
1. Evergreenem novoročních aktual... 4 děti 1
2. Sídlo parlamentu jisté země za... Jihoafrická republika 1
3. V Lomnici na Brněnsku koncerto... Moravanka 0
4. Ministr zdravotnictví Vlastimi... Miroslava Kalouska 1
5. Česká juniorská reprezentace b... Rusko 1
6. V tomto tématu se podíváme pod... kryptozoologie 0
7. Jistý žijící tvor, australský... ptakopysk (podivný) 0
8. Olgoj chorchoj je mytický píse... Gobi 0
9. Jako Yettiho označujeme dvouno... bigfoot (seskveč, sasquatch) 1
10. Tato smetanová zmrzlina je poj... Pegas 1